| 000 | 00369 a2200121 4500 | ||
|---|---|---|---|
| 001 | ART_7232 | ||
| 005 | 20260410161700.0 | ||
| 008 | 260409a | ||
| 245 | 1 | 0 | _aEl uso de garantías en el sistema bancario argentino |
| 100 | 1 | _aBebczuk, Ricardo | |
| 700 | 1 | _aSangiácomo, Máximo | |
| 773 | 0 |
_tEnsayos Económicos _g- Nº 59 (jul./sep. 2010) _wREV620 |
|
| 999 |
_c15075 _d15075 |
||